<?xml version="1.0" encoding="UTF-8"?>
<marc:record xmlns:marc="http://www.loc.gov/MARC21/slim">
   <marc:leader>00000nam a2200000 a 4500</marc:leader>
   <marc:datafield ind1="1" ind2=" " tag="100">
      <marc:subfield code="a">Castillo, Linda</marc:subfield>
      <marc:subfield code="4">aut</marc:subfield>
      <marc:subfield code="e">Verfasser/-in</marc:subfield>
   </marc:datafield>
   <marc:datafield ind1="0" ind2="0" tag="245">
      <marc:subfield code="a">Grausame Nacht</marc:subfield>
   </marc:datafield>
   <marc:datafield ind1="0" ind2="0" tag="245">
      <marc:subfield code="b">Thriller</marc:subfield>
   </marc:datafield>
   <marc:datafield ind1="0" ind2="0" tag="245">
      <marc:subfield code="c">Linda Castillo</marc:subfield>
   </marc:datafield>
   <marc:datafield ind1=" " ind2="1" tag="264">
      <marc:subfield code="a">Frankfurt am Main</marc:subfield>
      <marc:subfield code="b">S. Fischer Verl.</marc:subfield>
      <marc:subfield code="c">2016</marc:subfield>
   </marc:datafield>
   <marc:datafield ind1="1" ind2=" " tag="520">
      <marc:subfield code="a">Als der Tornado über Painters Mill in Ohio hinwegfegt, legt er nicht nur die halbe Stadt in Schutt und Asche. Er bringt auch etwas zum Vorschein, was besser in der Erde geblieben wäre. Unter einer eingefallenen Scheune werden die Überreste eines menschlichen Skeletts gefunden. Wer ist der Tote? Und warum lag er jahrelang hier vergraben? Als Doc Coblenz die Leiche obduziert, wird klar, dass diese Leiche keines natürlichen Todes gestorben ist. Und plötzlich muss Kate noch einmal in einem 30 Jahre zurückliegenden Fall ermitteln, der damals die kleine Amisch-Gemeinde von Painters Mill beschäftigte, zu der sie auch gehörte. Ein altes Familiengeheimnis und ein ungesühntes Verbrechen &#x96; Kate Burkholders siebter Fall führt sie an einen unheimlichen Ort.</marc:subfield>
   </marc:datafield>
   <marc:datafield ind1=" " ind2=" " tag="020">
      <marc:subfield code="a">9783596032631</marc:subfield>
      <marc:subfield code="9">9783596032631</marc:subfield>
   </marc:datafield>
   <marc:datafield ind1=" " ind2=" " tag="020">
      <marc:subfield code="a">3596032636</marc:subfield>
      <marc:subfield code="9">3596032636</marc:subfield>
   </marc:datafield>
   <marc:datafield ind1=" " ind2=" " tag="500">
      <marc:subfield code="a">Aus dem Amerik. übers.</marc:subfield>
   </marc:datafield>
   <marc:datafield ind1=" " ind2=" " tag="300">
      <marc:subfield code="a">397 S.</marc:subfield>
   </marc:datafield>
</marc:record>
